000
003310000a22001450004500
003
MACL
040
_a
MACL
090
_c
7123
_d
7122
100
_a
Ranganathananda, Swami
245
_a
Swami Vivekananada His Life and Mission
260
_b
The Ramakrishana Mission
_c
1966
350
_a
.50
650
_a
Religion
942
_c
BOOK
_k
294
999
_c
7076
_d
7076